[Event "Trondheim tt U26"]
[Site "Trondheim"]
[Date "2007.04.29"]
[Round "5"]
[White "Eriksen, Matts"]
[Black "Lund, Stale"]
[Result "1-0"]
[WhiteElo "1529"]
[BlackElo "1475"]
[PlyCount "31"]
[EventDate "2007.04.28"]
[EventType "team"]
[EventRounds "5"]
[EventCountry "NOR"]
[SourceTitle "EXT 2008"]
[Source "ChessBase"]
[SourceDate "2007.11.25"]
[SourceVersion "1"]
[SourceVersionDate "2007.11.25"]
[SourceQuality "1"]

1. e4 c5 2. Nf3 Nc6 3. d4 cxd4 4. Nxd4 e5 5. Nb3 Nf6 6. Bd3 d5 7. Bg5 Be7 8. Bxf6 Bxf6 9. exd5 Qxd5 10. 0-0 Qd8 11. Nc3 0-0 12. Qe2 Be6 13. Rad1 Qe7 14. Nd2 Rac8 15. Nf3 Bg4 16. Qe4 1-0

[Event "Trondheim tt U26"]
[Site "Trondheim"]
[Date "2007.04.29"]
[Round "4"]
[White "Hansen, Pal Andreas"]
[Black "Eriksen, Matts"]
[Result "1-0"]
[WhiteElo "1556"]
[BlackElo "1529"]
[PlyCount "53"]
[EventDate "2007.04.28"]
[EventType "team"]
[EventRounds "5"]
[EventCountry "NOR"]
[SourceTitle "EXT 2008"]
[Source "ChessBase"]
[SourceDate "2007.11.25"]
[SourceVersion "1"]
[SourceVersionDate "2007.11.25"]
[SourceQuality "1"]

1. e4 e5 2. Nf3 Nc6 3. d4 exd4 4. Bc4 Bc5 5. c3 d3 6. Qxd3 d6 7. 0-0 Be6 8. Bxe6 fxe6 9. Nd4 Qf6 10. Nxc6 bxc6 11. Qa6 Ne7 12. b4 Bb6 13. a4 0-0 14. Ra2 Qh4 15. Re2 Rab8 16. a5 Bxa5 17. Qxa5 Rb5 18. Qa2 Rf6 19. g3 Rg6 20. Qxe6+ Rxe6 21. gxh4 Ng6 22. f4 Nxh4 23. f5 Nxf5 24. Ref2 Rxe4 25. Rxf5 Rxf5 26. Rxf5 g6 27. Rf1 1-0